Game Show Spiels Quiz Stats

 Plays Quiz not verified by Sporcle

Score 0/20 Timer 06:00
0 Plays Today
Spiel Game Show % Correct
'Today, these three players are after Big Bucks! But, they'll have to avoid the Whammy as they play the most exciting game of their lives!'Press Your Luck
89.8%
'Get ready to match the stars!'Match Game
81.9%
'It's the crossword game you've played all your life, but never quite like this!'Scrabble
78.9%
'Aces are high, deuces are low! Play your cards right, and win the dough!'Card Sharks
73.5%
'From Hollywood, it's everybody's game of strategy, knowledge, and fun!'Tic-Tac-Dough
57.8%
'This is the battlefield for our game of speed and strategy! These are the letters which lead to victory!'Blockbusters
55.4%
'From Hollywood, here's the game where knowledge is king and lady luck is queen!'The Joker's Wild
54.8%
'Four strangers, one goal: to win a head-to-head competition for the chance at $100,000. However, one wrong answer could be their last.'Russian Roulette
53.6%
'Here comes the fascinating world of trivia, where even a right answer can catch you in a trap!'Trivia Trap
51.8%
'And now, a game of high stakes, where every decision is a gamble, and every move could be your last!'High Rollers
49.4%
Spiel Game Show % Correct
'This is the game of strategy, daring, and luck!'Bullseye
48.8%
'Everyone in this arena has a money stake in one of our famous couples, as we play the game of celebrity gossip: ...'Tattletales
48.8%
'Ladies and gentlemen, this bonded security agent has just placed a certified check for $25,000 in one of these 30 surprise packages.'Treasure Hunt
47%
'Every answer...to every question...is right here...before your eyes...and...'Now You See It
41.6%
'Close calls!...Narrow escapes!...Split-second decisions!...and $25,000 in cash! A combination guaranteed to make you say...'Whew!
38%
'Can you identify this baby picture of a famous person? Two contestants will try, for $10,000 in cash on...'Face the Music
36.1%
'It's men versus women in a battle of the sexes!'The Better Sex
35.5%
'One half-hour from now, you'll know enough about ...[SUBJECT]...and...[SUBJECT]...to win $10,000 in cash, if you were a contestant on...'Hit Man
34.3%
'It's curtain call for the...'Showoffs
29.5%
'Ladies and gentlemen, these four players are about to make instant decisions under pressure. Only the last survivor will win the game and all the money on...'Pass the Buck
25.3%

You're not logged in!

Compare scores with friends on all Sporcle quizzes.
OR
Log In

Show Comments

Extras

Top Quizzes Today


Score Distribution

Your Account Isn't Verified!

In order to create a playlist on Sporcle, you need to verify the email address you used during registration. Go to your Sporcle Settings to finish the process.

Report this User

Report this user for behavior that violates our Community Guidelines.

Details: